| 000 | 01061nam a2200301 i 4500 | ||
|---|---|---|---|
| 005 | 20220317000234.0 | ||
| 007 | ta | ||
| 008 | 141031r20112012ck a0 0br 0j j spa d | ||
| 020 | _a9789588445083 | ||
| 040 |
_aCO-BoRNBP _bspa _erda _cCO-BoRNBP |
||
| 041 | 0 | _aspa | |
| 084 | _aC REY3 | ||
| 100 | 1 |
_aReyes, Yolanda _d1959- _eautora |
|
| 245 | 1 | 0 |
_aMi mascota _cYolanda Reyes ; ilustraciones Rafael Yockteng |
| 250 |
_aPrimera edición, _bprimera reimpresión |
||
| 264 | 1 |
_aBogotá _bBabel _c2011 _c2012 |
|
| 300 |
_a[32] páginas sin enumerar _bilustraciones a color _c21 cm |
||
| 336 |
_atexto _btxt _2rdacontent |
||
| 337 |
_asin mediación _bn _2rdamedia |
||
| 338 |
_avolumen _bnc _2rdacarrier |
||
| 521 | _aRecomendado para un público infantil mayor de 6 años | ||
| 650 | 1 | 7 |
_aCuentos infantiles colombianos _ySiglo XX _2LEMB |
| 650 | 1 | 7 |
_aLiteratura infantil colombiana _ySiglo XX _2LEMB |
| 650 | 1 | 7 |
_aMascotas _vCuentos _2LEMB |
| 650 | 1 | 7 |
_aRelación padre-hijo _vCuentos _2LEMB |
| 700 |
_aYockteng, Rafael _d1976- _eilustrador _916150 |
||
| 942 |
_2loc _cBKLIT |
||
| 999 |
_c3492 _d3492 |
||